00000000nam 2200000zi 4500
0019.956181
003CaOODSP
00520251010122940
006m     o  d f      
007cr mn|||||||||
008251009e20220221onc     ob   f000 0 eng d
040 |aCaOODSP|beng|erda|cCaOODSP
043 |an-cn---
0861 |aYM32-10/2014-18-2022E-PDF
1001 |aAbel, Shawn, |eauthor.
24514|aThe Standing Joint Committee for the Scrutiny of Regulations / |crevised by Shawn Abel and Geoffrey Hilton.
250 |a[Revised 21 February 2022].
264 1|a[Ottawa] : |bLibrary of Parliament = Bibliothèque du Parlement, |c21 February 2022.
264 4|c©2022
300 |a1 online resource (ii, 6 pages).
336 |atext|btxt|2rdacontent
337 |acomputer|bc|2rdamedia
338 |aonline resource|bcr|2rdacarrier
4901 |aHillStudies : in-depth reads on Canadian topics ; |vpublication no. 2014-18-E
500 |aCover title.
500 |aIssued also in French under title: Le Comité mixte permanent d'examen de la réglementation.
500 |a"[P]repared by Parliamentary Information, Education and Research Services, ..."--About this publication.
504 |aIncludes bibliographical references (pages 5-6).
520 |a"The Standing Joint Committee for the Scrutiny of Regulations (the committee) plays a vital role in the parliamentary oversight of federal regulations. Whenever Parliament delegates legislative authority to the executive branch or other regulation-making bodies, the committee ensures that this delegated authority is exercised lawfully and appropriately"--Executive summary, page ii.
61010|aCanada. |bParliament. |bStanding Joint Committee for the Scrutiny of Regulations.
650 0|aDelegated legislation|zCanada.
650 0|aLegislative bodies|zCanada|xCommittees.
7101 |aCanada. |bParliamentary Information and Research Service, |eissuing body.
77508|tLe Comité mixte permanent d'examen de la réglementation / |w(CaOODSP)9.956185
795 |tThe Standing Joint Committee for the Scrutiny of Regulations |b[2 April 2014 edition]|w(CaOODSP)9.818203
830#0|aHillStudies (Canada. Library of Parliament)|vno. 2014-18-E.|w(CaOODSP)9.955653
85640|qPDF|s549 KB|uhttps://publications.gc.ca/collections/collection_2025/bdp-lop/ym32-10/YM32-10-2014-18-2022-eng.pdf
8564 |qHTML|sN/A|uhttps://lop.parl.ca/sites/PublicWebsite/default/en_CA/ResearchPublications/201418E